[Event "POL-ch"]
[Site "Warsaw"]
[Date "2018.05.13"]
[Round "2"]
[White "Wojtaszek, Radoslaw"]
[Black "Bartel, Mateusz"]
[Result "1-0"]
[WhiteElo "2750"]
[BlackElo "2604"]
[Annotator "Roiz,M"]
[PlyCount "157"]
[EventDate "2018.05.12"]
[EventType "tourn"]
[EventRounds "9"]
[EventCountry "POL"]
[EventCategory "16"]
[SourceTitle "CBM 185"]
[Source "ChessBase"]
[SourceDate "2018.07.13"]
[SourceVersion "1"]
[SourceVersionDate "2018.07.13"]
[SourceQuality "1"]

1. d4 d5 2. c4 c6 3. Nc3 dxc4 {GM Bartel is a very creative player, so he
doesn't mind entering into one of the most complicated lines in the Slav.} 4.
e3 (4. e4 {is another common conitunation.}) 4... b5 5. a4 b4 6. Ne4 Qd5 7. Nd2
{White should be able to regain the pawn, but the knight is coming back to its
initial spot!} c3 8. bxc3 bxc3 9. Nb1 {What an unusual situation - the pieces
of both sides are still undeveloped after 9 moves!} Qa5 10. Qc2 Na6 {
Definitely the best - Black is intending to exploit the unfortunate location
of Qc2.} (10... e5 $6 {was tested on the highest level, but it's dubious:} 11.
Nf3 Na6 12. Nxe5 Nb4 13. Qb3 Be6 14. Bc4 $16 {Carlsen,M - Nakamura,H Saint
Louis 2014}) 11. Qxc3 (11. Ba3 {is now well met by} e5 $1 12. Bxf8 Kxf8 13.
Bxa6 Bxa6 14. dxe5 Rb8 15. Nxc3 Qxe5 16. Nge2 Bxe2 17. Kxe2 Nf6 {Giri,A -
Holzke,F Wijk aan Zee 2009, Black had no problems.}) 11... Qxc3+ $146 {This
innovation hardly makes Black's position more attractive.} ({The previously
played} 11... Nb4 {seems safer:} 12. Bd2 e6 13. Nf3 Nf6 14. Bc4 Be7 15. O-O O-O
16. Ne5 c5 17. dxc5 (17. Qb3 Qc7 18. Rc1 cxd4 19. exd4 Qb6 20. Na3 a5 21. Nb5
Bb7 $11 {Sargsyan,S - Zarubitski,V Prague 2016}) 17... Qxc5 18. Bb5 Qxc3 19.
Nxc3 Rd8 20. Rfd1 Bb7 $11 {Goganov,A - Jakovenko,D Ekaterinburg 2013}) 12. Nxc3
Nb4 13. Rb1 a5 {The control over the b4-spot doesn't compensate for Black's
structural drawbacks.} 14. Nf3 Nf6 15. Ne5 ({Another possibility was} 15. Be2
Bf5 16. Rb2 g6 17. O-O Bg7 18. Na2 Nfd5 19. Bd2 $14) 15... Bf5 16. Rb2 Nd7 $6 {
Black is reasonably aiming for exchanging the strong Ne5. However, he
shouldn't delay the development this way.} (16... e6 17. Be2 Nfd5 18. Bd2 f6
19. Nc4 $14) 17. e4 $1 {Radoslaw chooses the most aggressive way of handling
the position.} (17. Nxd7 Bxd7 18. Bc4 e6 19. Ke2 c5 20. d5 $14 {also would
have kept some advantage, but the text is more energetic.}) 17... Nxe5 18. dxe5
{White has converted the better pawn structure into a development advantage.}
Bc8 ({Another natural retreat woldn't solkve the problems:} 18... Be6 19. Be2
f6 (19... g6 20. O-O Bg7 21. f4 $36) 20. O-O fxe5 21. Be3 $36 {and the Bf8 is
stuck.}) 19. Bc4 e6 20. Be3 Be7 21. Ke2 O-O 22. Rd1 $16 {Now White is firmly
in control - all Black's pieces are very passive.} Rd8 $6 {This move makes
White's task eaiser.} ({Perhaps, Black should have sat and waited by means of} 
22... Rb8 23. Nb1 h6 $16 {letting White show his cards.}) 23. Rxd8+ Bxd8 24.
Bc5 {Now Black is almost paralysed.} Ba6 (24... f6 25. exf6 Bxf6 26. Rb3 Kf7
27. Bd6 Bd4 28. Nb1 {wouldn't change much - there are too many weaknesses in
Black's camp.}) 25. Bxa6 Nxa6 26. Bd6 Ra7 27. Nb1 $1 {An excellent decision -
Radoslaw finds the perfect location for his knight. Indeed, White has all the
time in the world!} f6 28. Nd2 fxe5 29. Nc4 {Black's weak pawns will fall soon.
} Bc7 30. Bxc7 Rxc7 31. Nxa5 Nc5 32. Rb4 {Despite the major simplifications,
White's position is technically winning.} Kf8 33. Nc4 {For some reasons,
Radoslaw doesn't mind simplifying matters.} (33. f3 {seems simpler:} Ra7 34.
Nxc6 Rxa4 35. Rxa4 Nxa4 36. Nxe5 $18) 33... Nxe4 34. Nxe5 Nc3+ 35. Kd3 Nd5 36.
Rb8+ Ke7 37. Kc4 $2 {A serious mistake. GM Wojtaszek is spoiling the lion's
part of his advantage.} (37. Kd4 $1 c5+ 38. Kc4 Kd6 39. Nd3 $18 {White's
passer should decide the game.}) 37... Kd6 38. Nd3 Rf7 $1 {This is the point!
Black has managed to activate all of his pieces!} 39. g3 Kc7 $6 {Luckily for
Radoslaw, his opponent is returning the favour.} ({After} 39... Rf5 $1 40. a5
Nf6 41. Ra8 g5 {it would be very difficult for White to make any progress.})
40. Rg8 Kb6 $2 {GM Bartel misses another opportunity for activating his pieces.
} ({The correct move was} 40... Nb6+ $1 41. Kb4 e5 42. Nxe5 Rxf2 43. Rxg7+ Kd6
44. Nf7+ Kd5 {and Black maintains decent drawing chances.}) 41. Re8 {Now Black
is doomed to passive defence again.} Rf6 42. Rb8+ Kc7 43. Rg8 Rf7 44. f4 (44.
a5 $1 {was stronger:} Kd6 45. Rd8+ Kc7 46. Ra8 Kd6 47. f4 Rb7 48. a6 Rb5 49.
Rd8+ Kc7 50. Rg8 $18) 44... Kd6 45. Rd8+ Ke7 ({The most stubborn way was} 45...
Kc7 46. Re8 Kd7 {, and now White must play precisely:} 47. Ra8 $1 Nb6+ 48. Kc5
Nxa8 49. Ne5+ Ke7 50. Nxf7 Kxf7 51. Kxc6 $18) 46. Rb8 Kd6 47. Kd4 g5 $1 {
The best chance.} 48. fxg5 Ra7 49. Rd8+ Ke7 50. Rh8 Kd6 $1 (50... Rxa4+ 51. Ke5
Kf7 52. Rxh7+ Kg6 53. Rh8 Kxg5 54. Rg8+ Kh6 55. Kxe6 {is lost, even though the
limited material balance still offers Black some practical chances.}) 51. Nb2
Nb6 $1 (51... c5+ {offers no hope:} 52. Ke4 Nc3+ 53. Kd3 Nxa4 54. Nxa4 Rxa4 55.
Rxh7 Rg4 56. Rg7 Ke5 57. Ke3 Kf5 58. Rc7 $18) 52. h4 c5+ 53. Kd3 Ke5 54. a5 $2
(54. Rb8 Nxa4 55. Nc4+ Kf5 $16 {wasn't so clear, but this is what Radoslaw
should play.}) 54... Rxa5 55. Rb8 {It looks like Black fell into a trap, but...
} Ra3+ 56. Ke2 Rxg3 57. Rxb6 Rh3 {It turns out, that it's very difficult to
avoid the exchange of all k-side pawns.} 58. Nd3+ Kf5 59. Rc6 Rxh4 60. Rxc5+
Kg4 61. Ne5+ Kh5 62. Nf3 Rh1 (62... Ra4 $1 63. Rc7 Kg4 64. Rxh7 Ra2+ 65. Nd2
Kxg5 $11) 63. Rc8 {Till now GM Bartel was defending very well, but his next
move is a blunder.} h6 $4 ({Had Black played} 63... Ra1 64. Rc7 Ra2+ 65. Ke3
Ra3+ 66. Ke4 Kg4 67. Rf7 e5 {a draw would be unavoidable.}) 64. Rg8 $1 $18 {
That's it! The unfortunate location of rook makes Black's position hopeless.}
Ra1 65. g6 (65. Rh8 $18 {was also good enough}) 65... Ra5 66. Ke3 Ra4 67. Ne5
Ra3+ 68. Kd4 {The rest is just an agony.} Ra4+ 69. Kc5 Ra5+ 70. Kd6 Ra6+ 71.
Ke7 Kg5 72. Nf7+ Kh5 73. Ne5 Kg5 74. Rf8 Ra7+ 75. Kxe6 h5 76. Rf5+ Kh6 77. Rf7
Ra6+ 78. Kf5 h4 79. Rh7# 1-0

[Event "RUS-chT 17th"]
[Site "Dagomys"]
[Date "2010.04.08"]
[Round "7"]
[White "Roiz, Michael"]
[Black "Bryzgalin, Kirill"]
[Result "1-0"]
[WhiteElo "2652"]
[BlackElo "2506"]
[Annotator "Roiz,M"]
[PlyCount "85"]
[EventDate "2010.04.01"]
[EventType "team-tourn"]
[EventRounds "9"]
[EventCountry "RUS"]
[SourceTitle "EXT 2020"]
[Source "ChessBase"]
[SourceDate "2019.10.17"]
[SourceVersion "1"]
[SourceVersionDate "2019.10.17"]
[SourceQuality "1"]
[WhiteTeam "Saratov Ekonomist SGSEU"]
[BlackTeam "Belgorod BelGu"]
[WhiteTeamCountry "RUS"]
[BlackTeamCountry "RUS"]

1. c4 Nf6 2. d4 c6 3. Bf4 $5 {Since my opponent has solid experience in the
Slav with 4...a6, I was happy to play this less known system.} d5 ({The
alternative is} 3... Qb6 4. Qd2 Ne4 5. Qc2 {which leads to a very unnatural
position.}) 4. e3 Bf5 {This position was already unknown for me, so it was not
easy to decide, which move is more precise here.} 5. Nc3 ({It looks like after
} 5. Qb3 Qb6 6. Nc3 (6. c5 Qa5+ 7. Nc3 b5 $13) 6... dxc4 $1 7. Bxc4 e6 $14 {
White has nothing special.}) 5... e6 (5... Nbd7 $5 6. cxd5 (6. Qb3 $5 Qb6 7. c5
Qxb3 8. axb3 a6 9. Nf3 $14 {[%cal Gb3b4,Gf3d2,Gd2b3]}) 6... Nxd5 7. Nxd5 cxd5
8. Bd3 Bxd3 9. Qxd3 e6 10. Nf3 Qb6 11. O-O Bd6 $11 {1/2-1/2 Stocek,J-Nyback,T/
Ohrid 2009/CBM 133 (27)}) 6. Qb3 Qc8 {That move looks somewhat ugly, but any
other move was even worse.} ({The standard reply} 6... Qb6 {fails to:} 7. c5
Qxb3 8. axb3 Nbd7 9. b4 Nh5 10. Nf3 Nxf4 11. exf4 $14 {[%cal Gb4b5] /+/- 1-0
Kosic,D-Wittmann,W/Budapest 2008/CBM 123 Extra (30). Black has nothing he can
do against White's obvious threat.}) 7. Rc1 Nbd7 (7... Be7 8. cxd5 Nxd5 9. Bg3
O-O 10. Nf3 Nxc3 11. bxc3 c5 12. Be2 $14 {1/2-1/2 Miles,A-Portisch,L/Tilburg
1986/Inf 42 (16)}) 8. cxd5 (8. Nf3 Be7 9. Nh4 Be4 $1 10. f3 dxc4 11. Bxc4 Bd5
$13) 8... Nxd5 {That tackle was forced, but now White has a stable edge due to
his space advantage.} (8... exd5 $2 9. Nb5 cxb5 10. Rxc8+ Rxc8 11. Bxb5 Rc1+
12. Kd2 Ra1 13. Bxd7+ Bxd7 14. Qxb7 $18) 9. Bg3 ({Of couse not} 9. Nxd5 $6 exd5
10. Nf3 Be7 {and Black is fine.}) 9... N7f6 $146 (9... Nxc3 {1/2-1/2 Wohl,
A-Pezerovic,E/Bayern 2001/EXT 2003 (42)}) 10. Nf3 Be7 11. Be2 O-O 12. h3 {
White's play looks a bit slow, but I simply tried to avoid any exchanges!} ({
The point is that after} 12. O-O Nxc3 13. bxc3 Ne4 $11 {White couldn't save
his important Bg3.}) (12. Nh4 $5 Bg4 13. Bxg4 Nxg4 14. O-O $14) 12... Ne4 13.
Bh2 ({I was worried about} 13. Nxe4 Bxe4 14. O-O Bxf3 15. Bxf3 f5 $14 {, but
of course White is simply better here.}) 13... a5 $6 {There was no reason for
such a weakening move, although Black's position remains very solid even after
this.} 14. O-O Bd6 ({I hardly can recommend} 14... Ndxc3 15. bxc3 b5 16. c4 b4
17. c5 $14 {[%cal Gf3e5,Ge5c4] and sooner or later White's knight will come to
c4.}) 15. Bxd6 Nxd6 16. Rfe1 Qd8 17. Bf1 Re8 {[%cal Gd8b6] creating the
unpleasant "threat" Qd8-b6.} (17... Qb6 $4 18. Nxd5 Qxb3 19. Ne7+ $18) 18. Qd1
({It is very difficult to make any progress after} 18. e4 Nxc3 (18... a4 19.
Qc2 Bg6 20. Ne5 $14) 19. exf5 Nd5 20. fxe6 Rxe6 21. Rxe6 fxe6 $14 {[%csl Gd5,
Gd6]}) 18... Ne4 {White was not really threatening to push e3-e4, so maybe
Black should make some prophylactic move here.} (18... Qe7 $5 $14) 19. Bd3 (19.
Nxe4 Bxe4 20. Nd2 Bg6 $14) 19... Ndf6 ({After} 19... Nexc3 20. bxc3 Bxd3 21.
Qxd3 c5 22. c4 $14 {[%csl Rb5] White has a clear advantage only due to the
impulsive weakening of the b5 spot.}) 20. Ne5 Nxc3 21. bxc3 Bg6 (21... Bxd3 22.
Nxd3 $14 {[%cal Gc3c4,Gc4c5]}) 22. Qb3 {Despite the major simplifications,
White keeps a clear advantage due to his preferable pawn structure.} (22. c4 c5
23. Bxg6 hxg6 24. Rb1 $14) 22... Qc7 23. c4 {[%cal Gc4c5,Ge5c4,Gc4d6]} c5 {
That move was practically forced - otherwise White will push c4-c5 himself.}
24. Bxg6 hxg6 25. Rb1 Re7 (25... Rab8 $5 $14) 26. Qb6 cxd4 $6 {Till that
moment Kirill was defending quite well, but under the time pressure he starts
to make mistakes.} ({I was expecting} 26... Ne4 {[%cal Gg6g5,Gf7f6] with the
idea to improve the k-side pawn structure by g7-g5 and f7-f6.} 27. Rb2 $14) 27.
exd4 Rd8 {This natural move allows White to increase the pressure along the
b-file.} ({From a practical point of view I would prefer} 27... Qxb6 28. Rxb6
Kf8 29. Reb1 Ra7 $14) 28. Qa7 $1 Rd6 (28... Nh5 29. Rb2 f6 30. Nxg6 Red7 $16)
29. Rb5 b6 ({As my opponent noticed after the game, in his previous
calculations he missed a nice tactical blow:} 29... Ra6 30. Qc5 Qd8 31. Reb1 $1
Rc7 $140 $2 (31... Nd7 32. Nxd7 Rc6 33. Rxb7 Rxc5 34. dxc5 Rxd7 35. Rb8 Qf8 $16
) (31... Ne4 32. Qa3 Nd6 33. R5b2 f6 34. Nxg6 Rc7 35. Qd3 Nxc4 36. Rxb7 Rxb7
37. Rxb7 $16) 32. Qxc7 $1 Qxc7 33. Rxb7 $18) 30. Qxc7 Rxc7 31. c5 bxc5 32. dxc5
{White has a clear advantage: the passed c-pawn and the weakness of Black's
king make his position very difficult.} Rd5 $6 {Black should keep control of
the 8th rank.} (32... Rd8 $1 33. Rxa5 g5 $16) 33. Rb8+ Kh7 34. c6 Ng8 $2 {
The last mistake.} ({We both missed:} 34... Rc5 $1 35. Rf8 $6 (35. a4 $1 Nd5
36. Rb5 Rc2 37. Rxa5 f6 38. Nd7 Nf4 $1 39. Ra6 $16) 35... Ng8 $1 36. Nxf7 $140
Rf5 $1 37. Rxg8 Kxg8 38. Ne5 g5 $14) 35. Rb7 $18 {Now Black is losing an
important pawn.} Rxb7 36. cxb7 Rb5 37. Nxf7 Rxb7 38. Ng5+ Kh6 39. Nxe6 ({
I was intending to play here} 39. f4 Nf6 40. Rxe6 Nh5 41. g3 Rb8 42. Kf2 $18 {
but at the last moment I just decided to make a simple move.}) 39... Nf6 ({
More resistant would be:} 39... Rb5 $142 40. f4 Rb2 41. Ng5 Nf6 42. Rc1 Rb8 43.
Kf2 $18) 40. g4 $1 {White is a pawn up, while Black's king is extremely weak.}
Kh7 (40... g5 41. Re5 $18) 41. Re5 a4 42. Ra5 Rb4 43. Ra7 ({White has many
other winning moves:} 43. Ng5+ Kh6 44. Nf7+ Kh7 45. Ra8 Ng8 46. Kg2 $18) (43.
Nf8+ Kg8 44. Nxg6 Ne4 (44... Nxg4 45. Ra8+ Kf7 46. Nh8+ Kf6 47. hxg4 Rxg4+ 48.
Kf1 $18)) ({or even} 43. a3) 1-0

[Event "Qatar Masters op"]
[Site "Doha"]
[Date "2015.12.21"]
[Round "2"]
[White "Yuffa, Daniil"]
[Black "Bologan, Viktor"]
[Result "1-0"]
[WhiteElo "2504"]
[BlackElo "2654"]
[Annotator "Sagar Shah/CB Website"]
[PlyCount "75"]
[EventDate "2015.12.20"]
[EventType "swiss"]
[EventRounds "9"]
[EventCountry "QAT"]
[SourceTitle "CBM 170"]
[Source "ChessBase"]
[SourceDate "2016.01.15"]
[SourceVersion "1"]
[SourceVersionDate "2016.01.15"]
[SourceQuality "1"]

{This is not such a huge upset as Yuffa is just 150 points lower rated than
Bologan. However, considering that Viktor was in excellent form at the
recently concluded European Team Championships it is surely a great result for
the Russian youngster.} 1. d4 d5 2. c4 c6 3. Nc3 dxc4 {Taking the pawn before
White has played Nf3 is not so common but is totally playable.} 4. e4 b5 5. a4
b4 6. Nb1 Nf6 7. e5 Nd5 8. Bxc4 e6 9. Nf3 Be7 10. O-O Bb7 11. Nbd2 Nd7 12. Ne4
{White's position is quite pleasant. His next plan is to play Bg5 and exchange
the dark-squared bishops so that the d6- and c5-squares are weakened. Bologan
prevents it but in doing so loses further time.} h6 13. a5 $1 {Threatening to
gain more space with a6.} Rc8 14. Bxd5 $1 {A very anti-intuitive decision, but
all will be clear pretty soon.} cxd5 15. Nd6+ $1 Bxd6 16. exd6 {The d6 pawn is
pretty weak and most probably will be lost, but while it is alive it causes
quite some inconvenience to Black. The b4-pawn is also weak and can be
attacked by Qa4 and Bd2. On the other hand the b7-bishop is pretty passive.
All this leads to quite a strong initiative for White.} Ba6 17. Re1 O-O 18. Bd2
$1 Rb8 19. Ne5 $1 {Threatening a fork on c6.} Nxe5 {.} 20. dxe5 $16 {[%csl Gd6,
Ge5] The d6-pawn which looked weak has now transformed itself into a pillar of
strength.} f5 21. Qh5 Kh7 22. Rac1 Rb7 (22... Qxa5 23. Rc7 $1 $18) 23. Rc5 $1 {
Threatening to double the rooks on the c-file.} b3 24. h4 $1 {I quite like
this move, as Bg5 can be played and back rank threats are no longer a problem.}
Bb5 25. Bg5 (25. Rec1 {was objectively stronger.}) 25... Qxa5 26. Rec1 Qb4 27.
Rc7 Rxc7 $2 (27... Bd7 {Blocking the rook's action on the seventh rank was
important.} 28. Rxb7 Qxb7 29. Rc7 Qb5 $16 {Black is still in the game.}) 28.
Rxc7 Qe1+ 29. Kh2 Qxe5+ 30. f4 $1 {Nicely calculated by Daniil. The d6-pawn is
taboo.} Qd4 (30... Qxd6 31. Qxh6+ $1) 31. Qxh6+ $1 {It's surprising that
Viktor allowed this, but there was really no way to prevent it.} Kg8 32. Qxe6+
Kh8 33. Qe5 {The safest route to victory.} Qxe5 34. fxe5 Re8 35. Be7 d4 36. d7
Bxd7 37. Rxd7 d3 38. Bb4 {A very strong game by Daniil Yuffa who surprisingly
is not even a GM yet. But by the looks of his play I am sure that he will be
one pretty soon.} 1-0

[Event "Grenke Chess Classic 4th"]
[Site "Karlsruhe/Baden-Baden"]
[Date "2017.04.19"]
[Round "4"]
[White "Bluebaum, Matthias"]
[Black "Aronian, Levon"]
[Result "0-1"]
[WhiteElo "2634"]
[BlackElo "2774"]
[Annotator "Silver,A"]
[PlyCount "92"]
[EventDate "2017.04.15"]
[EventType "tourn"]
[EventRounds "7"]
[EventCountry "GER"]
[EventCategory "20"]
[SourceTitle "CBM 178"]
[Source "ChessBase"]
[SourceDate "2017.05.14"]
[SourceVersion "1"]
[SourceVersionDate "2017.05.14"]
[SourceQuality "1"]

1. d4 d5 2. c4 c6 3. Nc3 Nf6 4. e3 a6 5. Qc2 b5 6. b3 {[%emt 0:00:03]} g6 (6...
Bg4 7. Bd3 Bh5 8. Nge2 Bg6 9. Nf4 Bxd3 10. Nxd3 e6 11. O-O Nbd7 12. c5 a5 13.
b4 a4 {1/2-1/2 (63) Mamedyarov,S (2757)-Morozevich,A (2724) Sochi 2014}) 7. Bd3
Bg7 8. Nf3 {White is slightly better.} O-O 9. O-O Nbd7 10. Bb2 Bb7 11. h3 dxc4
$146 (11... Re8 12. Rfd1 Rc8 13. Qe2 Nb6 14. Rac1 Nfd7 15. c5 Na8 16. b4 {
1-0 (54) Akhmadeev,V (2429)-Kovsharev,V (2282) Nabereznye Chelny 2010}) 12.
bxc4 c5 13. Qe2 cxd4 14. exd4 bxc4 15. Bxc4 Nb6 16. Bb3 a5 17. a4 Nbd5 18. Nxd5
Nxd5 19. Bxd5 Bxd5 20. Ba3 Re8 21. Bc5 Bb7 {[%cal Gb7a6]} 22. Rfb1 ({White
should try} 22. Rfe1 $15) 22... Bxf3 $17 23. Qxf3 Bxd4 24. Bxd4 Qxd4 25. Rd1
Qe5 26. Qd5 Qf6 27. Rac1 e6 28. Qc5 Red8 29. Qc7 h5 30. Rxd8+ Qxd8 31. Qe5 Qd7
32. Rc4 Qd3 33. Rd4 Qb1+ 34. Kh2 Qb8 35. Rd6 Qe8 36. Qb5 ({White should play} 
36. Qd4 $15) 36... Qe7 $36 {Black is in control.} 37. Rd7 $2 {This is a
mistake that gives Black a clear winning path.} (37. Qe5 $17 {was worth a try.}
) 37... Qf6 $1 $19 38. Qb6 Rc8 $1 ({But not} 38... Qf4+ 39. g3 Qf5 40. Kg2 $17)
39. Qd4 Qxd4 40. Rxd4 Rc2 41. Kg3 Kg7 42. h4 Kf6 43. Rf4+ Ke7 44. Rd4 Rc3+ 45.
f3 Rc2 46. Kh3 Rb2 {White resigned here as he cannot protect his a-pawn.} (
46... Rb2 {For example:} 47. Rd1 ({White cannot keep the rook on the 4th since
after} 47. Kg3 Rb4 48. Re4 Rxe4 $1 {it's all over.} 49. fxe4 Kd6 50. Kf4 e5+
51. Kg5 Kc5 52. Kf6 Kd4) 47... Ra2 48. Rd4 f6 49. Kg3 e5 50. Re4 Ke6 51. Rc4
Kd5 {and the rook is evicted.}) 0-1